[Event "TUR-chT 2nd League"]
[Site "Konya"]
[Date "2017.07.23"]
[Round "9.10"]
[White "Birol, Emir Efe"]
[Black "Demiroglu, Arsen"]
[Result "1-0"]
[WhiteElo "1462"]
[BlackElo "1692"]
[PlyCount "129"]
[EventDate "2017.07.17"]
[EventType "team-swiss"]
[EventRounds "9"]
[EventCountry "TUR"]
[SourceTitle "EXT 2018"]
[Source "ChessBase"]
[SourceDate "2017.10.13"]
[SourceVersion "1"]
[SourceVersionDate "2017.10.13"]
[SourceQuality "1"]
[WhiteTeam "Antalya Calli"]
[BlackTeam "Istanbul Sisli"]
[WhiteTeamCountry "TUR"]
[BlackTeamCountry "TUR"]

1. e4 c5 2. Nc3 d6 3. Bc4 Nf6 4. d3 g6 5. f4 Bg7 6. Nf3 Nc6 7. 0-0 0-0 8. Qe1 Nd4 9. Nxd4 cxd4 10. Ne2 d5 11. exd5 Nxd5 12. Ng3 e6 13. Ne4 Nb6 14. Bb3 Bd7 15. Bd2 Nd5 16. g4 Bc6 17. Qg3 Ne3 18. Rf2 a5 19. a4 Bd5 20. f5 Bh8 21. fxe6 Bxb3 22. cxb3 fxe6 23. Rxf8+ Qxf8 24. Bxe3 dxe3 25. Rf1 Qe7 26. Qxe3 Rd8 27. Qf3 Rf8 28. Qxf8+ Qxf8 29. Rxf8+ Kxf8 30. Nd6 b6 31. Nc4 Bd4+ 32. Kg2 Ke7 33. Kf3 e5 34. Ke4 Ke6 35. h3 g5 36. Nd2 Bxb2 37. Nf3 h6 38. Nd2 Bd4 39. Nc4 Bc3 40. Nxb6 Bd4 41. Nc4 Bc3 42. Ne3 Bb4 43. Nf5 Bf8 44. d4 exd4 45. Kxd4 Kf6 46. Kd5 Kf7 47. Kc6 Ke6 48. Kb5 Bb4 49. Nxh6 Ke5 50. Nf5 Kf4 51. Nd4 Kg3 52. Nc6 Be1 53. Nxa5 Kxh3 54. Nc4 Kxg4 55. a5 Bf2 56. Nb6 Bg3 57. a6 Bb8 58. Kc6 Kh3 59. Kb7 g4 60. Kxb8 g3 61. a7 g2 62. a8Q g1Q 63. Qf3+ Kh4 64. Qf6+ Kh3 65. Qh6+ 1-0

[Event "TUR-chT 2nd League"]
[Site "Konya"]
[Date "2017.07.18"]
[Round "3.9"]
[White "Aladag, Yigit Dogan"]
[Black "Demiroglu, Arsen"]
[Result "0-1"]
[WhiteElo "1586"]
[BlackElo "1692"]
[PlyCount "74"]
[EventDate "2017.07.17"]
[EventType "team-swiss"]
[EventRounds "9"]
[EventCountry "TUR"]
[SourceTitle "CBM 179 Extra"]
[Source "ChessBase"]
[SourceDate "2017.08.23"]
[SourceVersion "1"]
[SourceVersionDate "2017.08.23"]
[SourceQuality "1"]
[WhiteTeam "Mersin Zeka"]
[BlackTeam "Istanbul Sisli"]
[WhiteTeamCountry "TUR"]
[BlackTeamCountry "TUR"]

1. d4 Nf6 2. Nf3 e6 3. c4 c5 4. d5 exd5 5. cxd5 Bd6 6. Nc3 0-0 7. Bg5 Re8 8. Nd2 h6 9. Bh4 a6 10. a4 Bc7 11. e4 d6 12. h3 Nbd7 13. Be2 Rb8 14. 0-0 Nf8 15. f4 Ng6 16. Bg3 Bd7 17. Qb3 Ba5 18. e5 dxe5 19. fxe5 Nxe5 20. Nc4 Nxc4 21. Bxb8 Nd2 22. Qxb7 Nxf1 23. Bxa6 Qxb8 24. Rxf1 Qxb7 25. Bxb7 Rb8 26. Ba6 Rxb2 27. Nb5 Bxb5 28. Bxb5 Rd2 29. Bc6 Nxd5 30. Rb1 Nc3 31. Rb3 Rd4 32. Kh2 Nxa4 33. Ra3 Bc7+ 34. Kg1 Nb6 35. Ra7 Bg3 36. Kf1 c4 37. Rb7 c3 0-1